Psicopatología infantil y de la adolescencia
Guardado en:
| Autores principales: | , |
|---|---|
| Formato: | Libro |
| Lenguaje: | español |
| Publicado: |
Santiago
Mediterráneo Ltda.
2012
|
| Edición: | 2a. ed |
| Materias: | |
| Etiquetas: |
Agregar Etiqueta
Sin Etiquetas, Sea el primero en etiquetar este registro!
|
MARC
| LEADER | 00000cam a2200000 a 4500 | ||
|---|---|---|---|
| 001 | UCE1772 | ||
| 003 | CL-VaPUC | ||
| 008 | 140519e20120000cl |||||||||||||||||spa|d | ||
| 020 | |a 9789562203319 | ||
| 082 | 0 | 4 | |a 616.89 |b ALM |2 21 |
| 100 | 0 | |a Almonte Vyhmeister, Carlos |e author |9 574148 | |
| 700 | 0 | |a Montt Steffens, María Elena |e author |9 574149 | |
| 245 | 1 | 0 | |a Psicopatología infantil y de la adolescencia |
| 250 | |a 2a. ed | ||
| 300 | |a 776 p | ||
| 942 | |c BK | ||
| 945 | |d 20140519 10:12:00 |a dcastane | ||
| 260 | |a Santiago |b Mediterráneo Ltda. |c 2012 | ||
| 650 | 7 | |a PSICOPATOLOGIA INFANTIL |2 CL-VaPUC |9 307474 | |
| 650 | 0 | |a Adolescentes |9 308058 | |
| 650 | 7 | |a ENFERMOS MENTALES |2 CL-VaPUC |9 343473 | |
| 650 | 0 | |a Trastornos del comportamiento |9 311363 | |
| 583 | |a last modification |c 20140519 10:12:00 |k Rodrigo Vera | ||
| 999 | |c 355470 |d 355468 | ||
| 952 | |0 0 |1 0 |3 erb |4 0 |6 616_890000000000000_ALM_2012 |7 0 |8 R |9 462209 |a BIBEDU |b BIBEDU |c MCIRC |i 5078520 |l 2 |o 616.89 ALM 2012 |p 5078520 |r 2023-01-13 |s 2021-08-16 |w 2019-11-23 |y BK_R |z Catalogado en:20140519 |k PSI | ||
| 952 | |0 0 |1 0 |3 erb |4 0 |6 616_890000000000000_ALM_2012 |7 0 |8 R |9 462210 |a BIBEDU |b BIBEDU |c MCIRC |i 5078539 |l 2 |o 616.89 ALM 2012 |p 5078539 |r 2024-08-19 |s 2024-08-14 |w 2019-11-23 |y BK_R |z Catalogado en:20140519 |k PSI | ||